| 000 | 004600000a22001810004500 | ||
|---|---|---|---|
| 003 | LK-CoMWRAF | ||
| 005 | 20230829001348.0 | ||
| 008 | 230817t1971 ||||| |||| 00| 0 eng d | ||
| 020 | _a0584106807 | ||
| 040 |
_aLK-CoMWRAF _dLK-CoMWRAF _eLK-CoMWRAF |
||
| 041 | _aeng | ||
| 082 |
_a821.9 _bSTR |
||
| 100 | _aStrong, Patience | ||
| 245 | _aThe Harbour of Contentment | ||
| 260 |
_aLondon _bFrederick Muller Ltd _c1977 |
||
| 650 | _aEnglish Poetry | ||
| 942 | _cBK | ||
| 999 |
_c2062 _d2062 |
||